15,754 : (Record no. 4631)

MARC details
000 -LEADER
campo de control de longitud fija 00619nam a2200157 4500
005 - FECHA Y HORA DE LA ÚLTIMA TRANSACCIÓN
campo de control 20260410182722.0
008 - DATOS DE LONGITUD FIJA--INFORMACIÓN GENERAL
campo de control de longitud fija -
040 ## - FUENTE DE CATALOGACIÓN
Centro catalogador/agencia de origen Biblioteca LadoV Teorética
Centro/agencia transcriptor Biblioteca LadoV Teorética
082 04 - NÚMERO DE LA CLASIFICACIÓN DECIMAL DEWEY
Número de clasificación 327.1
Número de ítem L945s
100 1# - ENTRADA PRINCIPAL--NOMBRE DE PERSONA
Nombre de persona Ludmila, Natalia
245 10 - MENCIÓN DEL TÍTULO
Título 15,754 :
Resto del título stories between two offices - relatos entre dos despachos - เรื่องราวระหว่างสองสำนักงาน / por Natalia Ludmila
260 #1 - PUBLICACIÓN, DISTRIBUCIÓN, ETC.
Lugar de publicación, distribución, etc. Mexico :
Nombre del editor, distribuidor, etc. S--ediciones,
Fecha de publicación, distribución, etc. 2023
300 ## - DESCRIPCIÓN FÍSICA
Extensión 92 páginas :
Otras características físicas texto en español - ingles - tailandés ;
Dimensiones 13 x 9 cm.
650 #4 - PUNTO DE ACCESO ADICIONAL DE MATERIA--TÉRMINO DE MATERIA
Término de materia o nombre geográfico como elemento de entrada HECHOS INTERNACIONALES
942 ## - ELEMENTOS DE ENTRADA SECUNDARIOS (KOHA)
Fuente del sistema de clasificación o colocación Clasificación Decimal Dewey
Tipo de ítem Koha Libros
Suprimir en OPAC No
Holdings
Estatus retirado Estado de pérdida Fuente del sistema de clasificación o colocación Estado de daño No para préstamo Biblioteca de origen Biblioteca actual Fecha de adquisición Total de préstamos Signatura topográfica completa Visto por última vez Precio de reemplazo Tipo de ítem Koha
    Clasificación Decimal Dewey     Biblioteca LadoV Biblioteca LadoV 10/04/2026   327.1 L945s 10/04/2026 10/04/2026 Libros